|
|
|
|
| LEADER |
00000nam a2200000 a 4500 |
| 001 |
vtls001260964 |
| 003 |
SK-MaSNL |
| 005 |
20260301195229.0 |
| 008 |
240314s1940 US 0 eng |
| 035 |
|
|
|a SNK000211817
|
| 040 |
|
|
|a SNK
|b slo
|c SNK
|e AACR2
|
| 041 |
0 |
|
|a eng
|
| 044 |
|
|
|a US
|
| 100 |
1 |
|
|a Basch, Antonín
|4 aut
|9 285505
|
| 245 |
1 |
0 |
|a Germany's Economic Conquest of Czechslovakia
|c Anonín Basch
|
| 260 |
|
|
|a Chicago
|b Czechslovak National Council of America
|c [po r. 1940]
|
| 300 |
|
|
|a 29 s.
|c 8°
|
| 958 |
|
|
|a RK
|
| 999 |
|
|
|c 884613
|d 886543
|
| 952 |
|
|
|t P60, <04>, [BOOK], {604}
|a SNK
|b SNK
|y VYP
|7 0
|o snkIC 43325
|i snkK 3073/68
|0 0
|1 0
|4 0
|d 1996-07-04
|l 0
|r 2005-01-01 00:00:00
|w 2026-02-24
|